<?xml version="1.0" encoding="UTF-8"?>
<record
    xmlns:xsi="http://www.w3.org/2001/XMLSchema-instance"
    xsi:schemaLocation="http://www.loc.gov/MARC21/slim http://www.loc.gov/standards/marcxml/schema/MARC21slim.xsd"
    xmlns="http://www.loc.gov/MARC21/slim">

  <leader>00656na  a2200229   4500</leader>
  <controlfield tag="001">23081</controlfield>
  <controlfield tag="003">MIRAKIL</controlfield>
  <controlfield tag="005">20181213155245.0</controlfield>
  <controlfield tag="008">170612b        tu            000 0      </controlfield>
  <datafield tag="020" ind1=" " ind2=" ">
    <subfield code="a">9789759119447</subfield>
  </datafield>
  <datafield tag="040" ind1=" " ind2=" ">
    <subfield code="a">Milas</subfield>
    <subfield code="b">tur</subfield>
    <subfield code="c">TR-AnCHP</subfield>
  </datafield>
  <datafield tag="041" ind1=" " ind2=" ">
    <subfield code="a">tur</subfield>
  </datafield>
  <datafield tag="082" ind1=" " ind2=" ">
    <subfield code="a">956.22651</subfield>
    <subfield code="b">A46b 2014</subfield>
  </datafield>
  <datafield tag="090" ind1=" " ind2=" ">
    <subfield code="a">956.22651 A46b 2014</subfield>
  </datafield>
  <datafield tag="100" ind1=" " ind2=" ">
    <subfield code="a">Akp&#x131;nar, Semiha</subfield>
  </datafield>
  <datafield tag="245" ind1=" " ind2=" ">
    <subfield code="a">B&#xFC;y&#xFC;kada Bir ada &#xF6;yk&#xFC;s&#xFC;</subfield>
    <subfield code="c">Semiha Akp&#x131;nar</subfield>
  </datafield>
  <datafield tag="260" ind1=" " ind2=" ">
    <subfield code="a">&#x130;stanbul</subfield>
    <subfield code="b">Adal&#x131; Yay&#x131;nlar&#x131;</subfield>
    <subfield code="c">2014</subfield>
    <subfield code="f">uniform bas&#x131;m</subfield>
  </datafield>
  <datafield tag="300" ind1=" " ind2=" ">
    <subfield code="a">432 s.</subfield>
    <subfield code="b">fot&#x11F;.</subfield>
    <subfield code="c">29 sm.</subfield>
  </datafield>
  <datafield tag="650" ind1=" " ind2=" ">
    <subfield code="a">Adalar (&#x130;stanbul)</subfield>
    <subfield code="x">An&#x131;lar</subfield>
  </datafield>
  <datafield tag="650" ind1=" " ind2=" ">
    <subfield code="a">Adalar (&#x130;stanbul)</subfield>
    <subfield code="x">T&#xFC;rkiye</subfield>
    <subfield code="y">Tarih</subfield>
  </datafield>
  <datafield tag="942" ind1=" " ind2=" ">
    <subfield code="2">ddc</subfield>
    <subfield code="c">BKS</subfield>
  </datafield>
  <datafield tag="952" ind1=" " ind2=" ">
    <subfield code="a">0001</subfield>
    <subfield code="b">0001</subfield>
    <subfield code="d">2017-06-12</subfield>
    <subfield code="e">2</subfield>
    <subfield code="l">0</subfield>
    <subfield code="o">956.22651 A46b 2014</subfield>
    <subfield code="p">017050</subfield>
    <subfield code="r">2017-06-12 00:00:00</subfield>
    <subfield code="v">0.00</subfield>
    <subfield code="w">2017-06-12</subfield>
    <subfield code="y">BKS</subfield>
  </datafield>
  <datafield tag="999" ind1=" " ind2=" ">
    <subfield code="c">9408</subfield>
    <subfield code="d">9408</subfield>
  </datafield>
</record>
